Movies Quiz

Random Movies or Clickable Quiz

Indiana Jones is EVERYWHERE! Quiz Stats

Quiz Updated Apr 1, 2016

Challenge
Share
Tweet
Embed
Score 0/24 Timer 05:00
1 Play Today
% Correct
The King's Speech
90.9%
Jaws
89.7%
The Wizard of Oz
89.6%
Finding Nemo
89%
The Godfather
87.5%
Willy Wonka & the Chocolate Factory
87.4%
Back to the Future
86.5%
Apollo 13
82.8%
One Hundred and One Dalmatians
80.4%
Scooby-Doo
78%
The Sound of Music
76.8%
The Fugitive
74.2%
% Correct
Meet the Parents
70.3%
Jurassic Park III
67.7%
Ghostbusters
65.3%
Twister
63.8%
Star Wars
58%
Up
57%
A Few Good Men
56.7%
Big
54.8%
Close Encounters of the Third Kind
47.5%
Harry Potter and the Deathly Hallows: Part I
46.1%
Home Alone
35.9%
Ghost
34.3%

You're not logged in!

Compare scores with friends on all Sporcle quizzes.
Sign Up with Email
OR
Log In

You Might Also Like...

Show Comments

Extras

Top Quizzes Today


Score Distribution

Your Account Isn't Verified!

In order to create a playlist on Sporcle, you need to verify the email address you used during registration. Go to your Sporcle Settings to finish the process.